La patria en la canción : (Registro nro. 13944)

Detalles MARC
000 -LEADER
fixed length control field 01167nam a2200301 u 4500
001 - CONTROL NUMBER
control field
003 - CONTROL NUMBER IDENTIFIER
control field DO-SdBNP
005 - DATE AND TIME OF LATEST TRANSACTION
control field 20220114114329.0
007 - PHYSICAL DESCRIPTION FIXED FIELD--GENERAL INFORMATION
fixed length control field ta
008 - FIXED-LENGTH DATA ELEMENTS--GENERAL INFORMATION
fixed length control field 100806s 2001 dr r 001 0 spa d
020 ## - INTERNATIONAL STANDARD BOOK NUMBER
Canceled/invalid ISBN 9998431095
040 ## - CATALOGING SOURCE
Original cataloging agency DO-SdBNP
Language of cataloging spa
Transcribing agency BPMSU
049 ## - LOCAL HOLDINGS (OCLC)
Holding library
082 ## - DEWEY DECIMAL CLASSIFICATION NUMBER
Classification number 782.42083
Item number J61p 2001
Edition number 22
100 1# - MAIN ENTRY--PERSONAL NAME
Personal name Jiménez, R. Emilio,
Dates associated with a name 1886-1970
245 13 - TITLE STATEMENT
Title La patria en la canción :
Remainder of title obra graduada de canto coral en cuatro series /
Statement of responsibility, etc. R. Emilio Jiménez.
260 ## - PUBLICATION, DISTRIBUTION, ETC. (IMPRINT)
Place of publication, distribution, etc. Santo Domingo :
Name of publisher, distributor, etc. Banco Central de la República Dominicana.
Date of publication, distribution, etc. 2001
300 ## - PHYSICAL DESCRIPTION
Extent 374 p. :
Other physical details il., mús. ;
Dimensions 23 cm.
500 ## - GENERAL NOTE
General note Se conserva la versión original, en cuanto a la ortografía de la época
505 ## - FORMATTED CONTENTS NOTE
Formatted contents note Primera serie: canciones para la infancia -- Segunda serie: canciones para la pericia -- Tercera serie: canciones para la adolescencia -- Cuarta serie: canciones para la juventud
590 ## - LOCAL NOTE (RLIN)
Local note Inventariado, 2022/VM
650 #4 - SUBJECT ADDED ENTRY--TOPICAL TERM
Topical term or geographic name as entry element Cancioneros
General subdivision Partituras
650 #4 - SUBJECT ADDED ENTRY--TOPICAL TERM
Topical term or geographic name as entry element Canciones infantiles dominicanas
650 #4 - SUBJECT ADDED ENTRY--TOPICAL TERM
Topical term or geographic name as entry element Canciones escolares dominicanas.
710 2# - ADDED ENTRY--CORPORATE NAME
Corporate name or jurisdiction name as entry element Banco Central de la República Dominicana
910 ## - USER-OPTION DATA (OCLC)
User-option data VMateo V
942 ## - ADDED ENTRY ELEMENTS (KOHA)
Source of classification or shelving scheme Dewey Decimal Classification
Koha item type Libros
Existencias
Withdrawn status Lost status Source of classification or shelving scheme Damaged status Not for loan Collection code Home library Current library Date acquired Total Checkouts Full call number Barcode Date last seen Price effective from Koha item type
    Dewey Decimal Classification     Colección Dominicana Biblioteca Pública Metropolitana Salomé Ureña Biblioteca Pública Metropolitana Salomé Ureña 01/14/2022   BPMSU CD 782.42083 J61p 2001 BPMSU22010024 01/14/2022 01/14/2022 Libros